00732nam a2200217Ia 4500999001500000020002100015082001700036245007100053260002800124300001500152504002600167650002100193650002100214650002200235650001700257650001800274650004600292710004700338942000700385952012200392 c7862d7862 a657a978184971371 a304.25 UNI-C 0aCities and climate change: global report on human settlements 2011 aLondonbEarthscanc2011 axviii, 279 aincludes bibliography aCities and towns aClimatic changes aUrban climatology aUrbanization aGlobalization aUnited Nation Human Settlements Programme aUnited Nations Human Settlements Programme cBK 00104070aNASSDOCbNASSDOCd2012-04-02eBWi2012-03-28l0o304.25 UNI-Cp47581r2019-04-18 00:00:00w2019-04-18yBK